The Law Reports(1952) Chancery division: of the incorporated council of law reporting, chancery division and cases in lunacy and appeal therefrom in the court of appeal. / (Record no. 3403)

MARC details
000 -LEADER
fixed length control field 00566nam a22001457a 4500
008 - FIXED-LENGTH DATA ELEMENTS--GENERAL INFORMATION
fixed length control field 140815b xxu||||| |||| 00| 0 eng d
020 ## - INTERNATIONAL STANDARD BOOK NUMBER
International Standard Book Number 0406095094
050 ## - LIBRARY OF CONGRESS CALL NUMBER
Classification number KD276.3.L39(1952)
100 ## - MAIN ENTRY--PERSONAL NAME
Personal name edited by Sutton Ralph.
245 ## - TITLE STATEMENT
Title The Law Reports(1952) Chancery division: of the incorporated council of law reporting, chancery division and cases in lunacy and appeal therefrom in the court of appeal. /
Statement of responsibility, etc. edited by Ralph Sutton
260 ## - PUBLICATION, DISTRIBUTION, ETC.
Place of publication, distribution, etc. London:
Name of publisher, distributor, etc. Butterworth & Co Ltd,
Date of publication, distribution, etc. 1952.
300 ## - PHYSICAL DESCRIPTION
Extent ix,924p.:
Dimensions 24cm.
440 ## - SERIES STATEMENT/ADDED ENTRY--TITLE
Name of part/section of a work Chancery division.
942 ## - ADDED ENTRY ELEMENTS (KOHA)
Source of classification or shelving scheme Library of Congress Classification
Koha item type Books
Holdings
Withdrawn status Lost status Source of classification or shelving scheme Damaged status Not for loan Home library Current library Shelving location Date acquired Total Checkouts Full call number Barcode Date last seen Copy number Uniform Resource Identifier Price effective from Koha item type
    Library of Congress Classification     WISCONSIN INTERNATIONAL UNIVERSITY COLLEGE, GHANA - MAIN LIBRARY WISCONSIN INTERNATIONAL UNIVERSITY COLLEGE, GHANA - MAIN LIBRARY Law Library 15/08/2014   KD276.3.L39(1952) 1766/754/14 15/08/2014 1766/753/14 1 15/08/2014 Books

If you have any concerns or questions; kindly contact the library


© Powered by WIUC ICT DIRECTORATE